Entry Nombre personal
001 - NÚMERO DE CONTROL
- campo de control: 48756
003 - IDENTIFICADOR DE NÚMERO DE CONTROL
- campo de control: SpMaBN
005 - FECHA Y HORA DE LA ÚLTIMA TRANSACCIÓN
- campo de control: 20230605183326.0
008 - ELEMENTOS DE DATO DE LONGITUD-FIJA
- campo de control de longitud fija: 901120nn aijnnaabn a aaa
016 ## - NÚMERO DE CONTROL DE UNA AGENCIA BIBLIOGRÁFICA NACIONAL
- Número de control del registro: BNE19900049564
024 7# - IDENTIFICADOR DE OTROS ESTÁNDARES
- Número estándar o código: http://viaf.org/viaf/42025164/
- Fuente: viaf
024 8# - IDENTIFICADOR DE OTROS ESTÁNDARES
- Número estándar o código: https://data.cervantesvirtual.com/person/47173
024 8# - IDENTIFICADOR DE OTROS ESTÁNDARES
- Número estándar o código: https://data.cervantesvirtual.com/person/35221
024 8# - IDENTIFICADOR DE OTROS ESTÁNDARES
- Número estándar o código: http://pares.mcu.es:80/ParesBusquedas20/catalogo/autoridad/660 92
024 7# - IDENTIFICADOR DE OTROS ESTÁNDARES
- Número estándar o código: https://isni.org/isni/0000000121299134
- Fuente: isni
024 7# - IDENTIFICADOR DE OTROS ESTÁNDARES
- Número estándar o código: http://www.wikidata.org/entity/Q193283
- Fuente: wikidata
040 ## - FUENTE DE CATALOGACIÓN
- Centro catalogador/agencia de origen: SpMaBN
- Lengua de catalogación: spa
- Centro/agencia transcriptor: SpMaBN
- Normas de descripción: rdc
- Convención/Normas de encabezamiento de materia/tesauro: embne
046 ## - FECHAS CON CODIFICACIÓN ESPECIAL
- Fecha de nacimiento: 1876
- Fecha de la muerte: 1946
100 1# - ENCABEZAMIENTO-NOMBRE DE PERSONA
- Nombre de persona: Falla, Manuel de,
- Fechas asociadas al nombre: 1876-1946
370 ## - LUGAR ASOCIADO
- Lugar de nacimiento: Cádiz
- Número de control del registro de autoridad o número normalizado: XX450589
- Fuente de información: Wikidata
372 ## - CAMPO DE ACTIVIDAD
- Campo de actividad: Música clásica
- Campo de actividad: Orquesta
- Fuente de información: Wikidata
373 ## - GRUPO ASOCIADO
- Grupo asociado: Academia Nacional de Bellas Artes de Argentina
- Grupo asociado: Real Academia de Bellas Artes de San Fernando
- Fuente de información: Wikidata
373 ## - GRUPO ASOCIADO
- Grupo asociado: Ateneo de Madrid
- Fuente de información: Ateneístas ilustres I (2004)
374 ## - OCUPACIÓN
- Ocupación: Pianistas
- Ocupación: Poetas
- Ocupación: Compositores
- Fuente de información: Wikidata
375 ## - GÉNERO/SEXO
- Género: Masculino
377 ## - IDIOMA ASOCIADO
- Término de lengua/lenguaje: Alemán
400 1# - TRAZADO DE VÉASE--NOMBRE DE PERSONA
- Nombre de persona: Falla Matheu, Manuel de,
- Fechas asociadas al nombre: 1876-1946
670 ## - FUENTE DE DATOS ENCONTRADOS
- Cita de la fuente: El amor brujo [Música impresa], 1921
- Información encontrada: port. (Musique de Manuel de Falla)
670 ## - FUENTE DE DATOS ENCONTRADOS
- Cita de la fuente: El libro de la zarzuela, de Roger Alier, 1982
- Información encontrada: p. 325 (n. Cádiz; m. Córdoba (Argentina)
670 ## - FUENTE DE DATOS ENCONTRADOS
- Cita de la fuente: SGAE, 1992
- Información encontrada: (Falla Matheu, Manuel de; n. 1876; m. 1946)
670 ## - FUENTE DE DATOS ENCONTRADOS
- Cita de la fuente: Catálogo de obras de Manuel de Falla, de Antonio Gallego, 1987
670 ## - FUENTE DE DATOS ENCONTRADOS
- Cita de la fuente: El Sombrero de tres picos, D.L. 2013
- Información encontrada: folleto del CD (transcribed and perfomedy by Cañizares ; music by Manuel de Falla)
670 ## - FUENTE DE DATOS ENCONTRADOS
- Cita de la fuente: La Vida breve, D.L. 2013
- Información encontrada: folleto del CD (music by Manuel de Falla ; transcribed by Cañizares)
670 ## - FUENTE DE DATOS ENCONTRADOS
- Cita de la fuente: WWW Wikipedia, 22-08-2014
- Información encontrada: (Manuel de Falla fue un compositor español, representante del nacionalismo musical: es uno de los compositores españoles más importantes de la primera mitad del siglo XX, junto a Isaac Albéniz, Enrique Granados, Joaquín Turina y Joaquín Rodrigo)
- Identificador Uniforme de Recursos: http://www.es.wikipedia.org/wiki/Manuel_de_Falla
670 ## - FUENTE DE DATOS ENCONTRADOS
- Cita de la fuente: WWW BN España aut., 05/06/2023
- Información encontrada: (Falla, Manuel de, 1876-1946)
678 ## - DATOS BIOGRÁFICOS O HISTÓRICOS
- Datos biográficos o históricos: Socio del Ateneo de Madrid
- Ampliación de la nota: Fuente: Ateneístas ilustres I (2004)
